Responses for show #4322 - Tuesday, May 20, 2003

Contestants

Kathy Clark, a veterinarian from Newington, Connecticut

Doug Wager, a high school English teacher from Huntington Beach, California

Kay Reimann, an attorney from Pebble Beach, California (whose 2-day cash winnings total $56,201)

Jeopardy! Round responses

CHARLES DICKENS
A CHRISTMAS CAROL
(Alex: You have to identify the carol by giving us the title.)
THE OLD CURIOSITY SHOP
A TALE OF TWO CITIES
THE CRICKET ON THE HEARTH
"GREAT" EXPECTATIONS
    $200 1
Pickwick Club

Kay
    $200 11
"Silent Night"

Doug
    $200 16
shark

Doug
    $200 21
Sodom & Gomorrah

Kay
    $200 26
hearing

Kathy
    $200 6
(Kathy: What is a dog?)

Great Dane

DougKathy
    $400 2
"Oliver Twist"

Kathy
    $400 12
"Deck the Halls"

Kay
    $1,600 17
Monopoly

Doug
    $400 22
Los Angeles & Sacramento

Doug
    $400 27
(Kay: What are legs?)

wings

KayKathy
    $400 7
Great Smoky Mountains

Kathy
    $600 3
"David Copperfield"

Triple Stumper
    $600 13
"The Twelve Days of Christmas"

Kay
    $600 18
duels

Kay
    $600 23
(Doug: What are Lisbon & Madrid?)

Barcelona & Madrid

KayDoug
    $600 28
Mormon cricket

Triple Stumper
    $600 8
"Great White Shark"

Kay
    $800 4
(Kay: What is "Nicholas Nickleby?")

"The Mystery of Edwin Drood"

Kay
Triple Stumper
    $800 14
"We Wish You A Merry Christmas"

Doug
    $800 19
Toby mug

Kathy
    $800 24
(Alex: We have a minute to go, Kay.)

Byzantium & Constantinople

Triple Stumper
    $800 29
mole cricket

Kathy
    $800 9
Great Falls

Kay
    $1000 5
Boz

Triple Stumper
    $1000 15
"Joy to the World"

Doug
    $1000 20
PXL

Doug
    $1000 25
(Doug: What are Soweto & Cape Town?)

Bloemfontein, Cape Town &/or Pretoria

Doug
Triple Stumper
    $1000 30
temperature

Kathy
    $1000 10
great auk

Kathy

Scores at the first commercial break (after clue 15):

Kay Doug Kathy
$1,800 $2,200 $1,600

Scores at the end of the Jeopardy! Round:

Kay Doug Kathy
$2,800 $3,800 $4,800

Double Jeopardy! Round responses

AMERICAN REVOLUTIONARIES
QUOTABLE MOVIES
ON THE GO
YOU'RE DARN TOOTIN'!
COMPUTER GENIUSES
SECONDARY MEANINGS
    $400 13
Paul Revere

Kay
    $400 2
Star Wars

Kathy
    $400 7
Erie Canal

Doug
    $400 18
(Kay: What is the horn section?)

woodwinds

KayDoug
    $400 22
chess

Kathy
    $400 1
house

Doug
    $800 14
Benjamin Franklin

Kathy
    $800 3
(Kay: What is "Harry Potter"?)

Lord of the Rings

KayDoug
    $800 8
(Kathy: What is Boeing?)

Douglas

DougKathy
    $800 23
(Alex: Minute to go.)

trombone

Kathy
    $800 27
Apple

Doug
    $800 9
cooking

Triple Stumper
    $1200 15
John Paul Jones

Kay
    $3,000 4
Minority Report

Doug
    $1200 19
Montreal

Kay
    $1200 24
soprano saxophone

Doug
    $1200 28
integrated circuit

Triple Stumper
    $1200 10
low

Kay
    $1600 16
Samuel Adams

Kay
    $1600 5
Spider-Man

Kay
    $3,000 20
Atchison, Topeka and Santa Fe

Kay
    $1600 25
Clarence Clemons

Doug
    $1600 29
Lotus

Doug
    $1600 11
(Doug: What is reason?)
[Initially ruled incorrect; later reversed]

sense

KayDoug
    $2000 17
Patrick Henry

Triple Stumper
    $2000 6
(Doug: What is "Mulholland Dr."?)

Vanilla Sky

Doug
Triple Stumper
    $2000 21
Dennis Tito

Triple Stumper
    $2000 26
Dizzy Gillespie

Doug
    $2000 30
Altair

Doug
    $2000 12
trip

Triple Stumper

Scores at the end of the Double Jeopardy! Round:

Kay Doug Kathy
$13,400 $18,400 $6,400

[wagering suggestions for these scores]

Final Jeopardy! Round responses

MEN OF MEDICINE
KathyWho is Albert Schweitzer?
$6,399
KayWho is Jennings?
$13,400
DougWho Johns Hopkins
$8,401
Joseph Lister ("Father of Antiseptic Surgery")

Final scores:

Kay Doug Kathy
$0 $9,999 $1
3rd place: $1,000 New champion: $9,999 2nd place: $2,000

Game dynamics:

Coryat scores:

Kay Doug Kathy
$12,000 $15,400 $6,400
16 R
(including 1 DD),
4 W
21 R
(including 2 DDs),
3 W
12 R,
2 W

Combined Coryat: $33,800

The J! Archive is created by fans, for fans. The Jeopardy! game show and all elements thereof, including but not limited to copyright and trademark thereto, are the property of Jeopardy Productions, Inc. and are protected under law. This website is not affiliated with, sponsored by, or operated by Jeopardy Productions, Inc. Join the discussion at JBoard.tv.